The nuclear dimension India's neighborhood policy / (Record no. 147138)
[ view plain ]
| 000 -LEADER | |
|---|---|
| fixed length control field | 00600nam a22001937a 4500 |
| 005 - DATE AND TIME OF LATEST TRANSACTION | |
| control field | 20171103120922.0 |
| 010 ## - LCCN (DPL NO) | |
| LC control number | ENG-121194 |
| 020 ## - INTERNATIONAL STANDARD BOOK NUMBER | |
| International Standard Book Number | 9789385144561 |
| Terms of availability | 550.00 |
| 035 ## - SYSTEM CONTROL NUMBER | |
| System control number | EN-104726 |
| 037 ## - SOURCE OF ACQUISITION | |
| Source of stock number/acquisition | DBAD/PUB |
| 082 ## - DEWEY DECIMAL CLASSIFICATION NUMBER | |
| Classification number | 355.033054 |
| 100 ## - MAIN ENTRY--PERSONAL NAME | |
| Personal name | Mishra,Prabhkar Nath |
| 245 ## - TITLE STATEMENT | |
| Title | The nuclear dimension India's neighborhood policy / |
| Statement of responsibility, etc | by Nisha Shukla |
| 260 ## - PUBLICATION, DISTRIBUTION, ETC. (IMPRINT) | |
| Place of publication, distribution, etc | Delhi |
| Name of publisher, distributor, etc | Shivalik Prakashan |
| Date of publication, distribution, etc | 2015 |
| 270 ## - ADDRESS | |
| Address | 27/16, Shakti Nagar |
| City | Delhi |
| Postal code | 110007 |
| 300 ## - PHYSICAL DESCRIPTION | |
| Extent | 156p. |
| Dimensions | 22cm(Hb) |
| 500 ## - GENERAL NOTE | |
| General note | Includes bibliographical references |
| 942 ## - ADDED ENTRY ELEMENTS (KOHA) | |
| Source of classification or shelving scheme | Dewey Decimal Classification |
| Item type | English Books |
| Classification part | 355.033054 |
| Call number suffix | MIS |
| Withdrawn status | Lost status | Not for loan | Collection code | Home library | Current library | Date acquired | Source of acquisition | Cost, normal purchase price | Full call number | Barcode | Copy number | Cost, replacement price | Koha item type |
|---|---|---|---|---|---|---|---|---|---|---|---|---|---|
| Not For Loan | Non-fiction | D.B.Act.Division | D.B.Act.Division | 02/11/2017 | DBAD/PUB | 550.00 | 355.033054 MIS | EN-104726 | 1 | 550.00 | English Books |
